Trece veces nunca /
Salvato in:
| Autore principale: | |
|---|---|
| Natura: | Sconosciuto |
| Lingua: | Spanish |
| Pubblicazione: |
San José, Costa Rica :
EDUCA,
1977.
|
| Serie: | (Colección Septimo Día)
|
| Soggetti: | |
| Tags: |
Aggiungi Tag
Nessun Tag, puoi essere il primo ad aggiungerne!!
|
MARC
| LEADER | 000000000a22000000004500 | ||
|---|---|---|---|
| 001 | 003622 | ||
| 041 | 0 | |a spa | |
| 082 | 0 | 4 | |a N863.44 |b Ch512t |
| 100 | 1 | |a Chavez Alfaro, Lizandro, |d 1929- | |
| 245 | 1 | 0 | |a Trece veces nunca / |c Lizandro Chavez Alfaro. |
| 260 | 1 | |a San José, Costa Rica : |b EDUCA, |c 1977. | |
| 300 | |a 102 páginas ; |c 17 cm. | ||
| 490 | 1 | |a (Colección Septimo Día) | |
| 650 | 4 | |a LITERATURA NICARAGUENSE | |
| 650 | 4 | |a CUENTOS | |
| 650 | 4 | |a SIGLO XX | |
| 999 | |c 10101 |d 10101 | ||
| 942 | |c BK |h N863.44 Ch512t |2 z | ||
